[Event "New South Wales-ch playoff"]
[Site "Sydney"]
[Date "2005.12.19"]
[Round "1"]
[White "Fuller, Maxwell L"]
[Black "Bird, Andrew"]
[Result "0-1"]
[WhiteElo "2275"]
[BlackElo "2178"]
[PlyCount "104"]
[EventDate "2005.12.19"]
[EventType "match"]
[EventRounds "4"]
[EventCountry "AUS"]
[SourceTitle "EXT 2010"]
[Source "ChessBase"]
[SourceDate "2010.11.25"]
[SourceVersion "1"]
[SourceVersionDate "2010.11.25"]
[SourceQuality "1"]

1. e4 c5 2. Nc3 Nc6 3. g3 g6 4. Bg2 Bg7 5. d3 d6 6. f4 e6 7. Nf3 Nge7 8. 0-0 0-0 9. Be3 b6 10. d4 Ba6 11. Rf2 Qc7 12. Rd2 Rad8 13. d5 exd5 14. Nxd5 Nxd5 15. exd5 Na5 16. b3 Rde8 17. Bf2 Bxa1 18. Qxa1 f6 19. g4 Qg7 20. c4 Bc8 21. h3 Re7 22. Qc1 Nb7 23. Be1 Rfe8 24. Rf2 h5 25. g5 f5 26. Bc3 Qf7 27. Bf1 Kh7 28. Bf6 Rc7 29. a4 Na5 30. Qc3 Re4 31. Nd2 Re1 32. Re2 Rxe2 33. Bxe2 Bd7 34. Bd3 Rc8 35. Bc2 Re8 36. Kf2 Bc8 37. h4 Qc7 38. Nf1 a6 39. Ng3 Qf7 40. Bd3 Nb7 41. Qc2 Na5 42. Qc3 Bd7 43. Qc2 Ra8 44. Bc3 Nb7 45. Bf6 Qe8 46. Nxf5 Bxf5 47. Bxf5 gxf5 48. Qxf5+ Qg6 49. Qd7+ Kg8 50. Qxb7 Re8 51. Qd7 Qc2+ 52. Kf1 Qd1+ 0-1

[Event "AUS-ch"]
[Site "Sydney"]
[Date "1995.??.??"]
[Round "9"]
[White "Fuller, Maxwell L"]
[Black "Allen, Andrew"]
[Result "0-1"]
[WhiteElo "2275"]
[BlackElo "2260"]
[PlyCount "90"]
[EventDate "1995.??.??"]
[EventType "swiss"]
[EventRounds "11"]
[EventCountry "AUS"]
[SourceTitle "EXT 1998"]
[Source "ChessBase"]
[SourceDate "1997.11.17"]
[SourceVersion "1"]
[SourceVersionDate "1997.11.17"]
[SourceQuality "1"]

1. c4 e5 2. g3 Nc6 3. Bg2 Nf6 4. Nc3 Bc5 5. e3 a6 6. Nge2 d6 7. d4 Ba7 8. Bxc6+ bxc6 9. dxe5 dxe5 10. Qxd8+ Kxd8 11. b3 Bg4 12. h3 Be6 13. Ba3 Ke8 14. Rd1 Rd8 15. Rxd8+ Kxd8 16. Na4 Nd7 17. Nec3 f5 18. Ke2 Ke8 19. f4 exf4 20. gxf4 Kf7 21. Rd1 Re8 22. Nb2 Nc5 23. Bxc5 Bxc5 24. Nd3 Bd6 25. c5 Be7 26. Na4 Bf6 27. Nb4 Bc8 28. Nxc6 g5 29. Ne5+ Bxe5 30. fxe5 Rxe5 31. Rd8 Bb7 32. Rd7+ Re7 33. Rxe7+ Kxe7 34. Kf2 Kf6 35. b4 h5 36. h4 gxh4 37. Nc3 Ke5 38. b5 axb5 39. Nxb5 h3 40. Kg3 Ke4 41. Nxc7 Kxe3 42. Ne6 Bc8 43. Ng7 f4+ 44. Kh2 Bg4 45. c6 f3 0-1

[Event "AUS-ch"]
[Site "Sydney"]
[Date "1995.??.??"]
[Round "6"]
[White "Fuller, Maxwell L"]
[Black "Canfell, Gregory"]
[Result "1-0"]
[WhiteElo "2275"]
[BlackElo "2285"]
[PlyCount "59"]
[EventDate "1995.??.??"]
[EventType "swiss"]
[EventRounds "11"]
[EventCountry "AUS"]
[SourceTitle "EXT 1998"]
[Source "ChessBase"]
[SourceDate "1997.11.17"]
[SourceVersion "1"]
[SourceVersionDate "1997.11.17"]
[SourceQuality "1"]

1. g3 g6 2. Bg2 Bg7 3. c4 e5 4. Nc3 Nc6 5. Rb1 d6 6. b4 f5 7. b5 Nce7 8. Qb3 Nf6 9. d3 Nd7 10. Nf3 h6 11. 0-0 Nc5 12. Qc2 0-0 13. Bb2 Be6 14. e3 f4 15. exf4 exf4 16. Rbd1 g5 17. Rfe1 Bg4 18. d4 Ne6 19. Nd5 fxg3 20. fxg3 Bxf3 21. Bxf3 Rxf3 22. Qe4 Rf7 23. Qxe6 Nxd5 24. Qxd5 Rb8 25. Re6 Qd7 26. Rde1 Kh8 27. Qg2 Rbf8 28. d5 Rf3 29. Rxh6+ Kg8 30. Rg6 1-0

[Event "Australian Masters"]
[Site "Melbourne"]
[Date "1992.??.??"]
[Round "6"]
[White "Fuller, Maxwell L"]
[Black "Canfell, Gregory"]
[Result "0-1"]
[WhiteElo "2285"]
[BlackElo "2315"]
[PlyCount "130"]
[EventDate "1992.??.??"]
[EventType "tourn"]
[EventRounds "9"]
[EventCountry "AUS"]
[EventCategory "6"]
[SourceTitle "EXT 1997"]
[Source "ChessBase"]
[SourceDate "1996.11.15"]
[SourceVersion "1"]
[SourceVersionDate "1996.11.15"]
[SourceQuality "1"]

1. d4 Nf6 2. c4 g6 3. Nc3 Bg7 4. e4 d6 5. f4 0-0 6. Nf3 c5 7. d5 e6 8. dxe6 fxe6 9. Bd3 Nc6 10. 0-0 Nd4 11. Qe1 Nh5 12. Nxd4 cxd4 13. Ne2 e5 14. f5 Nf6 15. fxg6 hxg6 16. Bg5 Qd7 17. Qh4 Nh7 18. h3 b6 19. Rxf8+ Nxf8 20. c5 dxc5 21. Bc4+ Ne6 22. Qg4 d3 23. Rd1 dxe2 24. Qxe2 Qf7 25. Qg4 b5 26. Bd5 Rb8 27. Rf1 Qe8 28. Rf3 Rb6 29. Qh4 Bb7 30. Rd3 Bxd5 31. Rxd5 c4 32. Be3 Rb7 33. Qg4 Rf7 34. Rd6 Nf8 35. Qd1 Bf6 36. Qd5 Kg7 37. Kh2 Qe7 38. Ra6 Qb7 39. Rc6 Rd7 40. Qc5 Rf7 41. Qd5 a6 42. g4 Qe7 43. Rxa6 Qb4 44. Bh6+ Kxh6 45. Qxf7 Qxb2+ 46. Kh1 Qc1+ 47. Kg2 Qd2+ 48. Kh1 Qe1+ 49. Kh2 Qf2+ 50. Kh1 Qf1+ 51. Kh2 Qf4+ 52. Kh1 Qxe4+ 53. Kh2 Qe2+ 54. Kg1 Qe3+ 55. Kg2 Qe4+ 56. Kg1 Bg7 57. Ra7 Qd4+ 58. Kg2 e4 59. g5+ Kh7 60. Re7 c3 61. Qf6 Qd2+ 62. Kh1 Ne6 63. Qxe6 Qc1+ 64. Kh2 Qf4+ 65. Kh1 c2 0-1

[Event "Australian Masters"]
[Site "Melbourne"]
[Date "1992.??.??"]
[Round "4"]
[White "Fuller, Maxwell L"]
[Black "Solomon, Stephen J"]
[Result "0-1"]
[WhiteElo "2285"]
[BlackElo "2445"]
[PlyCount "128"]
[EventDate "1992.??.??"]
[EventType "tourn"]
[EventRounds "9"]
[EventCountry "AUS"]
[EventCategory "6"]
[SourceTitle "EXT 1997"]
[Source "ChessBase"]
[SourceDate "1996.11.15"]
[SourceVersion "1"]
[SourceVersionDate "1996.11.15"]
[SourceQuality "1"]

1. e4 e5 2. Nf3 Nf6 3. Nxe5 d6 4. Nf3 Nxe4 5. Qe2 Qe7 6. d3 Nf6 7. Bg5 Nbd7 8. Nc3 Qxe2+ 9. Bxe2 h6 10. Bd2 g6 11. 0-0 Bg7 12. Rfe1 Nb6 13. Nb5 Nfd5 14. c4 Bd7 15. a4 a6 16. Bf1+ Kd8 17. Nbd4 Ne7 18. a5 Nbc8 19. Rab1 Nc6 20. Bc3 Nxd4 21. Nxd4 Rg8 22. g3 Ne7 23. Bg2 Rb8 24. Re3 c5 25. Nc2 Ba4 26. Bxg7 Rxg7 27. b3 Bc6 28. d4 Nf5 29. Rd3 Kc7 30. dxc5 dxc5 31. Rbd1 h5 32. h3 f6 33. g4 hxg4 34. hxg4 Nh4 35. Bd5 Rh8 36. b4 Ba4 37. R1d2 f5 38. g5 f4 39. bxc5 Re7 40. f3 Nf5 41. Nd4 Bd7 42. Ne2 Rh4 43. Be4 Reh7 44. Rxd7+ Rxd7 45. Rxd7+ Kxd7 46. Bxb7 Ng7 47. Bd5 Ne6 48. c6+ Kd6 49. Kg2 Nxg5 50. c7 Kxc7 51. c5 Nh7 52. Nd4 Nf8 53. Bc4 Rh5 54. Nb3 Nd7 55. Bxa6 Nxc5 56. Nxc5 Rxc5 57. Bd3 Rxa5 58. Kh3 Rg5 59. Kh4 Rg3 60. Be4 Kd6 61. Bb7 Ke5 62. Bc6 Kf6 63. Bb7 g5+ 64. Kh5 Rh3+ 0-1

[Event "Australian Masters"]
[Site "Melbourne"]
[Date "1992.??.??"]
[Round "9"]
[White "Kagan, Naum M"]
[Black "Fuller, Maxwell L"]
[Result "0-1"]
[WhiteElo "2310"]
[BlackElo "2285"]
[PlyCount "70"]
[EventDate "1992.??.??"]
[EventType "tourn"]
[EventRounds "9"]
[EventCountry "AUS"]
[EventCategory "6"]
[SourceTitle "EXT 1997"]
[Source "ChessBase"]
[SourceDate "1996.11.15"]
[SourceVersion "1"]
[SourceVersionDate "1996.11.15"]
[SourceQuality "1"]

1. d4 d6 2. c4 e5 3. Nf3 e4 4. Ng5 f5 5. Nc3 Nf6 6. f3 h6 7. Nh3 g5 8. g3 Bg7 9. Bg2 0-0 10. 0-0 exf3 11. exf3 Nc6 12. Be3 Qe8 13. Re1 Qg6 14. Qc2 Qh5 15. Nd5 f4 16. g4 Qf7 17. Nxf6+ Qxf6 18. Bf2 Nxd4 19. Qd3 Bd7 20. Rad1 c5 21. Kh1 Rae8 22. Ng1 Rxe1 23. Rxe1 Re8 24. b3 Rxe1 25. Bxe1 Qe6 26. Bf2 Be8 27. h4 Bg6 28. Qd2 b6 29. Bf1 Be8 30. Kh2 Bc6 31. Bg2 h5 32. Bxd4 Bxd4 33. Nh3 hxg4 34. fxg4 Qxg4 35. Nxg5 Qg3+ 0-1

[Event "Australian Masters"]
[Site "Melbourne"]
[Date "1992.??.??"]
[Round "5"]
[White "Rogers, Ian"]
[Black "Fuller, Maxwell L"]
[Result "1-0"]
[WhiteElo "2550"]
[BlackElo "2285"]
[PlyCount "63"]
[EventDate "1992.??.??"]
[EventType "tourn"]
[EventRounds "9"]
[EventCountry "AUS"]
[EventCategory "6"]
[SourceTitle "EXT 1997"]
[Source "ChessBase"]
[SourceDate "1996.11.15"]
[SourceVersion "1"]
[SourceVersionDate "1996.11.15"]
[SourceQuality "1"]

1. d4 Nf6 2. c4 g6 3. Nc3 Bg7 4. e4 d6 5. f3 0-0 6. Be3 Nbd7 7. Qd2 c5 8. d5 Qa5 9. Nge2 a6 10. Nc1 b5 11. cxb5 axb5 12. Bxb5 Ba6 13. Nb3 Qb6 14. a4 Bxb5 15. Nxb5 Rxa4 16. Rxa4 Qxb5 17. Ra3 Ne5 18. Na5 Ra8 19. Nc4 Rxa3 20. Nxa3 Qa6 21. Qe2 Nd3+ 22. Kd2 c4 23. Nxc4 Qxc4 24. Qxd3 Qb4+ 25. Kc2 Nxd5 26. Qxd5 Qxb2+ 27. Kd3 Qxg2 28. Rb1 Bf6 29. e5 Bg5 30. exd6 Bxe3 31. Rb8+ Kg7 32. Qe5+ 1-0

[Event "Olympiad-29"]
[Site "Novi Sad"]
[Date "1990.11.27"]
[Round "10"]
[White "Gdanski, Jacek"]
[Black "Fuller, Maxwell L"]
[Result "1/2-1/2"]
[WhiteElo "2420"]
[BlackElo "2340"]
[PlyCount "117"]
[EventDate "1990.11.17"]
[EventType "team-swiss"]
[EventRounds "14"]
[EventCountry "YUG"]
[SourceTitle "EXT 2019"]
[Source "ChessBase"]
[SourceDate "2018.10.10"]
[SourceVersion "1"]
[SourceVersionDate "2018.10.10"]
[SourceQuality "1"]
[WhiteTeam "Poland"]
[BlackTeam "Australia"]
[WhiteTeamCountry "POL"]
[BlackTeamCountry "AUS"]

1. e4 e6 2. d4 d5 3. Nc3 Be7 4. e5 b6 5. Qg4 g6 6. Nh3 h5 7. Qg3 h4 8. Qg4 Nh6 9. Bxh6 Rxh6 10. 0-0-0 Bb7 11. Kb1 Nc6 12. f4 Qd7 13. Bb5 a6 14. Bxc6 Bxc6 15. Ng5 Rh5 16. Rhf1 Bb5 17. Rf3 Bb4 18. Rh3 Bxc3 19. Rxc3 0-0-0 20. Rh3 Rdh8 21. Qf3 Kb8 22. Qf2 Qe7 23. Re1 a5 24. Ree3 Kb7 25. Re1 Kb8 26. a3 Kb7 27. Qf3 Ka7 28. Qf2 Kb8 29. Rh1 Bc4 30. Qf3 Ka7 31. g4 hxg3 32. Rxh5 Rxh5 33. hxg3 Be2 34. Qg2 Bg4 35. Nh7 Bf5 36. Nf6 Rxh1+ 37. Qxh1 g5 38. g4 Bg6 39. Nxd5 Qd7 40. Nc3 gxf4 41. Qf3 b5 42. Ne2 b4 43. axb4 axb4 44. b3 c5 45. Nxf4 cxd4 46. Nxg6 fxg6 47. Qe4 g5 48. Qg6 Kb7 49. Qxg5 d3 50. Qd2 dxc2+ 51. Qxc2 Qd4 52. Qe2 Qg1+ 53. Kc2 Qc5+ 54. Qc4 Qf2+ 55. Kd3 Qg3+ 56. Kd4 Qg1+ 57. Kd3 Qg3+ 58. Kd2 Qf2+ 59. Kd3 1/2-1/2

[Event "Australian Masters"]
[Site "Melbourne"]
[Date "1990.??.??"]
[Round "4"]
[White "Depasquale, Chris"]
[Black "Fuller, Maxwell L"]
[Result "0-1"]
[WhiteElo "2315"]
[BlackElo "2325"]
[PlyCount "80"]
[EventDate "1990.??.??"]
[EventType "tourn"]
[EventRounds "9"]
[EventCountry "AUS"]
[EventCategory "4"]
[SourceTitle "EXT 1997"]
[Source "ChessBase"]
[SourceDate "1996.11.15"]
[SourceVersion "1"]
[SourceVersionDate "1996.11.15"]
[SourceQuality "1"]

1. e4 c5 2. Nf3 e6 3. d4 cxd4 4. Nxd4 Nc6 5. Nc3 Qc7 6. g3 a6 7. Bg2 Nf6 8. 0-0 Be7 9. Be3 d6 10. h3 Bd7 11. Kh2 0-0 12. f4 Rac8 13. Qe2 b5 14. a3 Na5 15. Rad1 Nc4 16. Bc1 Nxa3 17. e5 Ne8 18. f5 dxe5 19. fxe6 fxe6 20. Nxe6 Bxe6 21. Bd5 Bxd5 22. Nxd5 Qb7 23. Rxf8+ Bxf8 24. bxa3 Nd6 25. c3 Qf7 26. Qg2 e4 27. Bf4 Qe6 28. g4 Nc4 29. g5 Kh8 30. h4 Bd6 31. Qg3 Ne5 32. h5 Nf3+ 33. Kh1 Bxf4 34. Nxf4 Qb3 35. Rf1 Qxc3 36. Qh3 Re8 37. Qd7 Qc8 38. Qf7 Rf8 39. Qe6 Qc7 40. h6 Qxf4 0-1

[Event "AUS-ch"]
[Site "Sydney"]
[Date "1990.??.??"]
[Round "7"]
[White "Fuller, Maxwell L"]
[Black "Curtis, John"]
[Result "0-1"]
[WhiteElo "2269"]
[BlackElo "2292"]
[PlyCount "96"]
[EventDate "1990.01.??"]
[EventType "swiss"]
[EventRounds "11"]
[EventCountry "AUS"]
[SourceTitle "EXT 2011"]
[Source "ChessBase"]
[SourceDate "2010.11.26"]
[SourceVersion "1"]
[SourceVersionDate "2010.11.26"]
[SourceQuality "1"]

1. d4 Nf6 2. c4 c5 3. d5 b5 4. a4 b4 5. g3 d6 6. Bg2 Bb7 7. Nd2 g6 8. b3 Bg7 9. Bb2 0-0 10. Qc2 e6 11. e4 exd5 12. cxd5 Re8 13. 0-0-0 Ng4 14. Nc4 Ba6 15. Bxg7 Kxg7 16. h3 Nf6 17. f4 Bxc4 18. Qxc4 Nbd7 19. Ne2 Nb6 20. Qc2 Rc8 21. Qb2 Kg8 22. e5 c4 23. Kb1 c3 24. Qc2 dxe5 25. d6 e4 26. d7 Nbxd7 27. g4 Qc7 28. g5 Nh5 29. Rhf1 Nc5 30. Rd4 a5 31. Bxe4 Nxe4 32. Rxe4 Rxe4 33. Qxe4 Qd7 34. f5 Qd2 35. Qc2 Re8 36. Nc1 Qxc2+ 37. Kxc2 Ng3 38. Rd1 Nxf5 39. Rd7 Re3 40. Rd5 Rxh3 41. Rxa5 Nd4+ 42. Kb1 Rh1 43. Ra8+ Kg7 44. a5 Nxb3 45. a6 Rxc1+ 46. Ka2 Nc5 47. a7 b3+ 48. Ka3 Ra1+ 0-1